Fundamentals of digital communication / (Record no. 2757)

MARC details
000 -LEADER
fixed length control field 01129cam a22003257a 4500
001 - CONTROL NUMBER
control field 15309234
003 - CONTROL NUMBER IDENTIFIER
control field OSt
005 - DATE AND TIME OF LATEST TRANSACTION
control field 20151130155324.0
008 - FIXED-LENGTH DATA ELEMENTS--GENERAL INFORMATION
fixed length control field 080529s2008 enka b 001 0 eng
010 ## - LIBRARY OF CONGRESS CONTROL NUMBER
LC control number 2008273922
015 ## - NATIONAL BIBLIOGRAPHY NUMBER
National bibliography number GBA783985
Source bnb
016 7# - NATIONAL BIBLIOGRAPHIC AGENCY CONTROL NUMBER
Record control number 014100634
Source Uk
020 ## - INTERNATIONAL STANDARD BOOK NUMBER
International Standard Book Number 9780521874144 (cased)
020 ## - INTERNATIONAL STANDARD BOOK NUMBER
International Standard Book Number 0521874149 (cased)
035 ## - SYSTEM CONTROL NUMBER
System control number (OCoLC)ocn166382259
040 ## - CATALOGING SOURCE
Original cataloging agency UKM
Transcribing agency UKM
Modifying agency BTCTA
-- YDXCP
-- BAKER
-- BWKUK
-- IXA
-- DLC
042 ## - AUTHENTICATION CODE
Authentication code ukblcatcopy
-- lccopycat
050 00 - LIBRARY OF CONGRESS CALL NUMBER
Classification number TK5103.7
Item number .M33 2008
082 04 - DEWEY DECIMAL CLASSIFICATION NUMBER
Classification number 384
Edition number 22
Item number MAD 2008
100 1# - MAIN ENTRY--PERSONAL NAME
Personal name Madhow, Upamanyu.
9 (RLIN) 6411
245 10 - TITLE STATEMENT
Title Fundamentals of digital communication /
Statement of responsibility, etc. Upamanyu Madhow.
260 ## - PUBLICATION, DISTRIBUTION, ETC. (IMPRINT)
Place of publication, distribution, etc. Cambridge ;
-- New York :
Name of publisher, distributor, etc. Cambridge University Press,
Date of publication, distribution, etc. 2008.
300 ## - PHYSICAL DESCRIPTION
Extent xiv, 499 p. :
Other physical details ill. ;
Dimensions 26 cm.
504 ## - BIBLIOGRAPHY, ETC. NOTE
Bibliography, etc Includes bibliographical references and index.
650 #0 - SUBJECT ADDED ENTRY--TOPICAL TERM
Topical term or geographic name as entry element Digital communications.
9 (RLIN) 6412
856 41 - ELECTRONIC LOCATION AND ACCESS
Materials specified Table of contents
Uniform Resource Identifier http://www.loc.gov/catdir/toc/fy0804/2008273922.html
906 ## - LOCAL DATA ELEMENT F, LDF (RLIN)
a 7
b cbc
c copycat
d 3
e ncip
f 20
g y-gencatlg
942 ## - ADDED ENTRY ELEMENTS (KOHA)
Source of classification or shelving scheme Dewey Decimal Classification
Koha item type Short Loan
Holdings
Withdrawn status Lost status Source of classification or shelving scheme Damaged status Not for loan Home library Current library Date acquired Inventory number Total Checkouts Full call number Barcode Date last seen Price effective from Koha item type
    Dewey Decimal Classification     MUST Main Library MUST Main Library 30/11/2015 2009/31945   384 MAD 2008 2015-2863 30/11/2015 30/11/2015 Short Loan